| 000 | 01040nac a22003251u 4500 | ||
|---|---|---|---|
| 999 |
_c349 _d349 |
||
| 003 | EG-ScBUE | ||
| 005 | 20210227103542.0 | ||
| 008 | 200219t2002 le f 000 p eng d | ||
| 020 | _a995310509X | ||
| 020 | _a9789953105093 | ||
| 040 |
_aEG-ScBUE _beng _erda _cEG-ScBUE _dEG-ScBUE |
||
| 082 | 0 | 4 |
_a883.01 _bHOM _222 |
| 100 | 0 |
_aHomer, _eauthor. |
|
| 245 | 1 | 4 |
_aThe Iliad = _bالإلياذة : with an introduction and summaries / _cHomer. |
| 246 | 3 | 1 | _aإلياذة |
| 264 | 1 |
_aBeirut : _bYork Press, _c[2002] |
|
| 264 | 4 | _cc2002 | |
| 300 |
_axvi, 425 pages ; _c18 cm. |
||
| 336 |
_2rdacontent _atext _btxt |
||
| 337 |
_2rdamedia _aunmediated _bn |
||
| 338 |
_2rdacarrier _avolume _bnc |
||
| 490 | 0 | _aYork classics | |
| 650 | 7 |
_aAchilles _x(Mythological character) _vPoetry. _2BUEsh |
|
| 650 | 7 |
_aEpic poetry, Greek _xTranslations into English. _2BUEsh |
|
| 650 | 7 |
_aTrojan War _vPoetry. _2BUEsh |
|
| 651 | _2BUEsh | ||
| 653 |
_bHHUUEENN _cFebruary2021 |
||
| 655 |
_vReading book _934232 |
||
| 942 |
_cBB _k823H766 _2ddc |
||